[Event "CZE-chT2F 2223"]
[Site "Czech Republic"]
[Date "2023.01.22"]
[Round "7"]
[White "Vrubl, Jaroslav"]
[Black "Kufa, Pavel"]
[Result "1-0"]
[WhiteElo "2083"]
[BlackElo "2115"]
[PlyCount "73"]
[EventDate "2022.10.16"]
[EventType "team-tourn"]
[EventRounds "11"]
[EventCountry "CZE"]
[SourceTitle "EXT 2024"]
[Source "ChessBase"]
[SourceDate "2023.10.10"]
[SourceVersion "1"]
[SourceVersionDate "2023.10.10"]
[SourceQuality "1"]
[WhiteTeam "Koprivnice Tatra"]
[BlackTeam "Poruba Slavoj III"]
[WhiteTeamCountry "CZE"]
[BlackTeamCountry "CZE"]

1. e4 d5 2. exd5 Nf6 3. d4 Nxd5 4. c4 Nf6 5. Nf3 e6 6. Nc3 Be7 7. Be2 0-0 8. 0-0 Nbd7 9. Bf4 c6 10. Qc2 Re8 11. Rfd1 Nf8 12. Ne5 N6d7 13. Bf3 Bg5 14. Bxg5 Qxg5 15. Ne4 Qe7 16. c5 f6 17. Nc4 Ng6 18. g3 Rd8 19. Ned6 Ndf8 20. b4 Qc7 21. a4 Ne7 22. b5 Bd7 23. b6 axb6 24. Nxb6 Ra7 25. Rdb1 Be8 26. Rb2 Bg6 27. Qb3 Nf5 28. Nxf5 Bxf5 29. Rd1 Bg6 30. Nc4 Bf7 31. Nd6 e5 32. Qb6 Qxb6 33. cxb6 Rxa4 34. Nxb7 Rb8 35. Nc5 Rxd4 36. Rxd4 exd4 37. b7 1-0

[Event "CZE-chT2F 2223"]
[Site "Czech Republic"]
[Date "2023.01.08"]
[Round "6"]
[White "Kufa, Pavel"]
[Black "Hladik, Oto"]
[Result "1/2-1/2"]
[WhiteElo "2115"]
[BlackElo "2116"]
[PlyCount "53"]
[EventDate "2022.10.16"]
[EventType "team-tourn"]
[EventRounds "11"]
[EventCountry "CZE"]
[SourceTitle "EXT 2024"]
[Source "ChessBase"]
[SourceDate "2023.10.10"]
[SourceVersion "1"]
[SourceVersionDate "2023.10.10"]
[SourceQuality "1"]
[WhiteTeam "Poruba Slavoj III"]
[BlackTeam "Ostrava II"]
[WhiteTeamCountry "CZE"]
[BlackTeamCountry "CZE"]

1. e4 g6 2. d4 Bg7 3. c3 d6 4. f4 c6 5. Nf3 d5 6. e5 h5 7. Bd3 Nh6 8. Nbd2 Bf5 9. Nf1 e6 10. Ne3 Bxd3 11. Qxd3 Na6 12. b3 Bf8 13. 0-0 Nc7 14. a4 Nf5 15. Ba3 Bxa3 16. Rxa3 Qe7 17. Ra2 Kf8 18. b4 a6 19. Ng5 Kg7 20. Nc2 b6 21. a5 b5 22. Na1 h4 23. Nb3 Rh5 24. Nh3 Rah8 25. Nc5 Nh6 26. Nf2 Ra8 27. Nh3 1/2-1/2

[Event "CZE-chT2F 2122"]
[Site "Czech Republic"]
[Date "2021.11.07"]
[Round "2.4"]
[White "Cupek, Martin"]
[Black "Kufa, Pavel"]
[Result "0-1"]
[WhiteElo "2089"]
[BlackElo "2118"]
[PlyCount "92"]
[EventDate "2021.10.17"]
[EventType "team-tourn"]
[EventRounds "11"]
[EventCountry "CZE"]
[SourceTitle "EXT 2024"]
[Source "ChessBase"]
[SourceDate "2023.10.10"]
[SourceVersion "1"]
[SourceVersionDate "2023.10.10"]
[SourceQuality "1"]
[WhiteTeam "Trinec II"]
[BlackTeam "Poruba Slavoj III"]
[WhiteTeamCountry "CZE"]
[BlackTeamCountry "CZE"]

1. d4 Nf6 2. Nf3 d5 3. Bf4 e6 4. e3 Be7 5. Nbd2 Nh5 6. Bg3 Nxg3 7. hxg3 Nd7 8. Bd3 h6 9. c4 c6 10. a3 0-0 11. b4 Bf6 12. Rc1 e5 13. dxe5 Nxe5 14. Nxe5 Bxe5 15. Bb1 f5 16. cxd5 Qxd5 17. Nf3 Qxd1+ 18. Rxd1 Bc3+ 19. Ke2 a5 20. Ba2+ Kh8 21. b5 cxb5 22. Bd5 b4 23. axb4 axb4 24. Nd4 Rf6 25. Nc2 Be6 26. Bxe6 Rxe6 27. Nd4 Ra2+ 28. Kf3 Rb6 29. Nxf5 b3 30. Rb1 b2 31. Ke4 Bd2 32. Nd4 Bc1 33. Ne2 Ra1 34. Rhxc1 bxc1Q 35. Rxc1 Rxc1 36. Nxc1 Rb2 37. Nd3 Rd2 38. Kd4 Kg8 39. g4 Kf7 40. e4 b5 41. f4 Rxg2 42. Kc5 Ke7 43. Kxb5 Rxg4 44. Kc5 h5 45. Kd4 h4 46. Ne5 Rg3 0-1

[Event "CZE-chT2F 1920"]
[Site "Czech Republic"]
[Date "2019.12.15"]
[Round "5.2"]
[White "Kufa, Pavel"]
[Black "Mroziak, Maciej"]
[Result "0-1"]
[WhiteElo "2155"]
[BlackElo "2363"]
[PlyCount "98"]
[EventDate "2019.10.13"]
[EventType "team-tourn"]
[EventRounds "11"]
[EventCountry "CZE"]
[SourceTitle "EXT 2024"]
[Source "ChessBase"]
[SourceDate "2023.10.10"]
[SourceVersion "1"]
[SourceVersionDate "2023.10.10"]
[SourceQuality "1"]
[WhiteTeam "Poruba Slavoj III"]
[BlackTeam "Karvina"]
[WhiteTeamCountry "CZE"]
[BlackTeamCountry "CZE"]

1. e4 e6 2. d4 d5 3. exd5 exd5 4. Nf3 Bg4 5. c3 Bd6 6. h3 Bh5 7. Qb3 Qe7+ 8. Be3 c6 9. Nbd2 Nf6 10. 0-0-0 0-0 11. Re1 Qc7 12. Ne5 c5 13. f4 Bg6 14. g4 c4 15. Qd1 Be4 16. Nxe4 Nxe4 17. Qc2 Ng3 18. Bg2 Nxh1 19. Bxd5 Kh8 20. Rxh1 Nc6 21. Qf5 Bxe5 22. dxe5 Ne7 23. Qe4 Nxd5 24. Qxd5 Rfd8 25. Qe4 Qa5 26. Kb1 Qd5 27. Qxd5 Rxd5 28. Bd4 Kg8 29. Kc2 a6 30. Re1 Kf8 31. f5 Ke7 32. b3 b5 33. Rb1 cxb3+ 34. axb3 b4 35. Kd3 bxc3 36. Ke4 c2 37. Rc1 Rb5 38. Rxc2 Kd7 39. e6+ fxe6 40. Bxg7 exf5+ 41. gxf5 Rxb3 42. Rd2+ Ke8 43. f6 Rb7 44. Kf5 Kf7 45. Kg5 a5 46. Kh6 a4 47. Rg2 a3 48. Bh8 Rg8 49. Bg7 Ra7 0-1

[Event "CZE-chT2F 1920"]
[Site "Czech Republic"]
[Date "2019.12.01"]
[Round "4.3"]
[White "Kufa, Pavel"]
[Black "Zboril, Tomas"]
[Result "1/2-1/2"]
[WhiteElo "2155"]
[BlackElo "2122"]
[PlyCount "49"]
[EventDate "2019.10.13"]
[EventType "team-tourn"]
[EventRounds "11"]
[EventCountry "CZE"]
[SourceTitle "EXT 2024"]
[Source "ChessBase"]
[SourceDate "2023.10.10"]
[SourceVersion "1"]
[SourceVersionDate "2023.10.10"]
[SourceQuality "1"]
[WhiteTeam "Poruba Slavoj III"]
[BlackTeam "Litovel Tatran"]
[WhiteTeamCountry "CZE"]
[BlackTeamCountry "CZE"]

1. e4 c5 2. d4 cxd4 3. c3 dxc3 4. Nxc3 Nc6 5. Nf3 d6 6. Bc4 e6 7. 0-0 Nf6 8. Qe2 a6 9. Rd1 Qc7 10. Bf4 Be7 11. e5 Nh5 12. exd6 Nxf4 13. dxc7 Nxe2+ 14. Bxe2 Bd7 15. Na4 Rc8 16. Rac1 Rxc7 17. Ne5 Bd8 18. Nxd7 Rxd7 19. Nc5 Rc7 20. Nxb7 Rxb7 21. Rxc6 0-0 22. b3 a5 23. Bc4 Be7 24. a4 g6 25. Kf1 1/2-1/2

[Event "CZE-chT2F 1819"]
[Site "Czech Republic"]
[Date "2019.02.24"]
[Round "9.3"]
[White "Kufa, Pavel"]
[Black "Slanina, Miroslav"]
[Result "1/2-1/2"]
[WhiteElo "2161"]
[BlackElo "2141"]
[PlyCount "144"]
[EventDate "2018.10.14"]
[EventType "team-tourn"]
[EventRounds "11"]
[EventCountry "CZE"]
[SourceTitle "EXT 2022"]
[Source "ChessBase"]
[SourceDate "2021.10.06"]
[SourceVersion "1"]
[SourceVersionDate "2021.10.06"]
[SourceQuality "1"]
[WhiteTeam "Poruba Slavoj II"]
[BlackTeam "Dobra"]
[WhiteTeamCountry "CZE"]
[BlackTeamCountry "CZE"]

1. e4 c6 2. d4 d5 3. exd5 cxd5 4. Nf3 Nf6 5. c3 Nc6 6. Bb5 Qb6 7. Qa4 Bf5 8. Ne5 Rc8 9. Nxc6 bxc6 10. Ba6 Rd8 11. 0-0 e6 12. Nd2 Be7 13. Re1 0-0 14. b4 Bd6 15. f3 Bxb4 16. Qxb4 Qxa6 17. Nb3 Rb8 18. Qa3 Qxa3 19. Bxa3 Rfe8 20. Bd6 Rb5 21. Nc5 Rd8 22. Bc7 Rc8 23. Bd6 h6 24. Re2 Rd8 25. Bc7 Rc8 26. Bd6 Ne8 27. Bg3 Rd8 28. a4 Rb6 29. a5 Rb5 30. Raa2 Nd6 31. Reb2 Nc4 32. Rxb5 cxb5 33. Ra1 Rc8 34. Kf2 Kf8 35. Bb8 Rxc5 36. dxc5 a6 37. g4 Bc2 38. Bc7 Ke7 39. c6 Nd6 40. h4 Ne8 41. Bb8 Nd6 42. Ke3 e5 43. Bc7 Nc4+ 44. Kf2 f6 45. Re1 Bg6 46. g5 hxg5 47. hxg5 Be8 48. gxf6+ gxf6 49. Rh1 Bxc6 50. Rh7+ Ke6 51. Bd8 d4 52. cxd4 b4 53. dxe5 fxe5 54. Rh4 Bd5 55. Ke2 b3 56. Rxc4 Bxc4+ 57. Kd2 Bd5 58. Kc3 Kd6 59. Bf6 Be6 60. Kb2 Bd5 61. Kc3 Ke6 62. Bd8 Kf5 63. Bc7 Be6 64. Kb2 Kf4 65. Kc3 Bd5 66. Kb2 Kf5 67. Kc3 Bxf3 68. Kxb3 e4 69. Kc3 e3 70. Kd3 e2 71. Kd2 Ke4 72. Ke1 Kd5 1/2-1/2

[Event "CZE-chT2F 1718"]
[Site "Czech Republic"]
[Date "2018.03.18"]
[Round "10.3"]
[White "Kufa, Pavel"]
[Black "Vanek, Ladislav"]
[Result "0-1"]
[WhiteElo "2174"]
[BlackElo "2245"]
[PlyCount "90"]
[EventDate "2017.10.15"]
[EventType "team-tourn"]
[EventRounds "11"]
[EventCountry "CZE"]
[SourceTitle "EXT 2022"]
[Source "ChessBase"]
[SourceDate "2021.10.06"]
[SourceVersion "1"]
[SourceVersionDate "2021.10.06"]
[SourceQuality "1"]
[WhiteTeam "Poruba Slavoj II"]
[BlackTeam "Vrbno pod Pradedem"]
[WhiteTeamCountry "CZE"]
[BlackTeamCountry "CZE"]

1. e4 b6 2. d4 Bb7 3. Nc3 e6 4. Nf3 Bb4 5. Bd3 Nf6 6. Qe2 d5 7. e5 Ne4 8. Bd2 Nxd2 9. Qxd2 Be7 10. Ne2 c5 11. c3 Ba6 12. 0-0 Qd7 13. Bc2 Nc6 14. Rfe1 Rc8 15. a3 Na5 16. b4 Nc4 17. Qf4 Nb2 18. Ng5 Bxg5 19. Qxg5 Kf8 20. dxc5 bxc5 21. Nf4 Qe7 22. Qg3 g6 23. h4 Rg8 24. h5 g5 25. Nd3 Bxd3 26. Bxd3 cxb4 27. cxb4 Rc3 28. Re3 d4 29. Rf3 g4 30. Bxh7 Rxf3 31. gxf3 Rg7 32. fxg4 Rxh7 33. Rb1 Na4 34. Rd1 Nc3 35. Rd2 Rg7 36. Qf3 Nd5 37. Rxd4 Qg5 38. Qg3 Qc1+ 39. Kh2 Kg8 40. Qd3 Qe1 41. Qg3 Qe2 42. Kh3 Kh8 43. Kh4 Qe1 44. g5 Ne7 45. Rd8+ Kh7 0-1

[Event "CZE-chT2F 1718"]
[Site "Czech Republic"]
[Date "2018.01.28"]
[Round "7.6"]
[White "Kufa, Pavel"]
[Black "Gerych, Jan"]
[Result "1-0"]
[WhiteElo "2174"]
[BlackElo "1991"]
[PlyCount "91"]
[EventDate "2017.10.15"]
[EventType "team-tourn"]
[EventRounds "11"]
[EventCountry "CZE"]
[SourceTitle "EXT 2022"]
[Source "ChessBase"]
[SourceDate "2021.10.06"]
[SourceVersion "1"]
[SourceVersionDate "2021.10.06"]
[SourceQuality "1"]
[WhiteTeam "Poruba Slavoj II"]
[BlackTeam "Olomouc ASK"]
[WhiteTeamCountry "CZE"]
[BlackTeamCountry "CZE"]

1. e4 c5 2. d4 cxd4 3. c3 dxc3 4. Nxc3 Nc6 5. Nf3 d6 6. Bc4 e6 7. 0-0 Nf6 8. Qe2 a6 9. Rd1 Qc7 10. Bf4 Be7 11. e5 Nh5 12. exd6 Nxf4 13. dxc7 Nxe2+ 14. Bxe2 Bd7 15. Na4 Rc8 16. Rac1 Rxc7 17. Nb6 Bf6 18. b4 Bb2 19. Rc2 Bf6 20. a4 Ke7 21. b5 axb5 22. axb5 Rb8 23. Nxd7 Rxd7 24. Rxd7+ Kxd7 25. bxc6+ bxc6 26. Nd2 Rb2 27. Rxb2 Bxb2 28. Bd3 h6 29. Kf1 Bc3 30. Ke2 Be5 31. h3 Bd4 32. Bc2 Kd6 33. f3 f5 34. Kd3 Bf6 35. Bb3 g5 36. Nc4+ Kc7 37. g3 Kd7 38. g4 Ke7 39. Ne3 fxg4 40. hxg4 Kf7 41. Ke4 c5 42. Nc4 Bd4 43. Ne5+ Kf6 44. Nc6 Bf2 45. Nd8 e5 46. Nf7 1-0

[Event "CZE-chT2F 1718"]
[Site "Czech Republic"]
[Date "2017.11.19"]
[Round "3.6"]
[White "Kufa, Pavel"]
[Black "Beran, Petr"]
[Result "1/2-1/2"]
[WhiteElo "2174"]
[BlackElo "2044"]
[PlyCount "58"]
[EventDate "2017.10.15"]
[EventType "team-tourn"]
[EventRounds "11"]
[EventCountry "CZE"]
[SourceTitle "EXT 2022"]
[Source "ChessBase"]
[SourceDate "2021.10.06"]
[SourceVersion "1"]
[SourceVersionDate "2021.10.06"]
[SourceQuality "1"]
[WhiteTeam "Poruba Slavoj II"]
[BlackTeam "Havirov Slovan"]
[WhiteTeamCountry "CZE"]
[BlackTeamCountry "CZE"]

1. e4 c6 2. d4 d5 3. exd5 cxd5 4. Nf3 Nc6 5. c3 Nf6 6. Bd3 Bg4 7. 0-0 e6 8. Nbd2 Bd6 9. Re1 0-0 10. Nf1 e5 11. dxe5 Nxe5 12. Be2 Re8 13. Nxe5 Bxe2 14. Rxe2 Bxe5 15. Be3 Qc7 16. h3 Re6 17. Qa4 a6 18. Rae1 b5 19. Qd1 Rae8 20. Nd2 Bh2+ 21. Kh1 Bf4 22. Bxf4 Qxf4 23. Kg1 Kf8 24. Nf3 Rxe2 25. Rxe2 Rxe2 26. Qxe2 Qc1+ 27. Kh2 Qf4+ 28. Kg1 Qc1+ 29. Kh2 Qf4+ 1/2-1/2

[Event "CZE-chT2F 1617"]
[Site "Czech Republic"]
[Date "2017.04.02"]
[Round "11.2"]
[White "Kufa, Pavel"]
[Black "Rakus, Pavel"]
[Result "1/2-1/2"]
[WhiteElo "2171"]
[BlackElo "2189"]
[PlyCount "20"]
[EventDate "2016.10.09"]
[EventType "team-tourn"]
[EventRounds "11"]
[EventCountry "CZE"]
[SourceTitle "EXT 2022"]
[Source "ChessBase"]
[SourceDate "2021.10.06"]
[SourceVersion "1"]
[SourceVersionDate "2021.10.06"]
[SourceQuality "1"]
[WhiteTeam "Poruba Slavoj II"]
[BlackTeam "Benesov Dolni"]
[WhiteTeamCountry "CZE"]
[BlackTeamCountry "CZE"]

1. e4 c5 2. d4 cxd4 3. c3 dxc3 4. Nxc3 d6 5. Nf3 a6 6. Bc4 e6 7. 0-0 Nc6 8. Qe2 Be7 9. Rd1 Qc7 10. Bf4 Ne5 1/2-1/2

[Event "CZE-chT2F 1617"]
[Site "Czech Republic"]
[Date "2017.02.26"]
[Round "9.3"]
[White "Opravil, Karel"]
[Black "Kufa, Pavel"]
[Result "1/2-1/2"]
[WhiteElo "2015"]
[BlackElo "2171"]
[PlyCount "93"]
[EventDate "2016.10.09"]
[EventType "team-tourn"]
[EventRounds "11"]
[EventCountry "CZE"]
[SourceTitle "EXT 2022"]
[Source "ChessBase"]
[SourceDate "2021.10.06"]
[SourceVersion "1"]
[SourceVersionDate "2021.10.06"]
[SourceQuality "1"]
[WhiteTeam "Unicov"]
[BlackTeam "Poruba Slavoj II"]
[WhiteTeamCountry "CZE"]
[BlackTeamCountry "CZE"]

1. c4 e5 2. a3 f5 3. e4 Nf6 4. Nc3 fxe4 5. d3 exd3 6. Bxd3 d6 7. Bg5 Be6 8. Nge2 Nbd7 9. Ng3 Be7 10. Qc2 0-0 11. Nf5 h6 12. h4 e4 13. Bxe4 hxg5 14. Bxb7 Rb8 15. Nh6+ gxh6 16. Qg6+ Kh8 17. hxg5 Rf7 18. gxf6 Nxf6 19. Rxh6+ Rh7 20. Bd5 Bxd5 21. Nxd5 Rxh6 22. Qxh6+ Nh7 23. Qe6 Bg5 24. b4 c6 25. Ne3 Qf8 26. Rd1 Rd8 27. Ke2 Bxe3 28. fxe3 Qg7 29. Rxd6 Qxg2+ 30. Kd3 Qf1+ 31. Kd2 Rxd6+ 32. Qxd6 Qxc4 33. Qb8+ Kg7 34. Qxa7+ Kg6 35. Qd4 Qa2+ 36. Kd1 Nf6 37. Qc5 Qxa3 38. Qxc6 Qxb4 39. e4 Kg5 40. Qc1+ Kg4 41. Qc8+ Kg3 42. Qc7+ Kf3 43. Qc2 Nxe4 44. Qd3+ Kg2 45. Kc2 Nf2 46. Qe2 Qa3 47. Kb1 1/2-1/2

[Event "CZE-chT2F 1617"]
[Site "Czech Republic"]
[Date "2017.01.15"]
[Round "6.3"]
[White "Kufa, Pavel"]
[Black "Tustanowski, Robert"]
[Result "0-1"]
[WhiteElo "2171"]
[BlackElo "2214"]
[PlyCount "58"]
[EventDate "2016.10.09"]
[EventType "team-tourn"]
[EventRounds "11"]
[EventCountry "CZE"]
[SourceTitle "EXT 2022"]
[Source "ChessBase"]
[SourceDate "2021.10.06"]
[SourceVersion "1"]
[SourceVersionDate "2021.10.06"]
[SourceQuality "1"]
[WhiteTeam "Poruba Slavoj II"]
[BlackTeam "Vrbno pod Pradedem"]
[WhiteTeamCountry "CZE"]
[BlackTeamCountry "CZE"]

1. e4 d6 2. d4 Nf6 3. Bd3 e5 4. c3 Nc6 5. d5 Ne7 6. f3 g6 7. Be3 Bg7 8. Ne2 0-0 9. c4 Nd7 10. g4 f5 11. Nbc3 fxg4 12. fxg4 Rf3 13. Qd2 Nf6 14. Ng1 Rxe3+ 15. Qxe3 Nxg4 16. Qg3 Bh6 17. Nge2 Kg7 18. 0-0 Ng8 19. h3 N4f6 20. Rf3 Nh5 21. Qg2 Bf4 22. Raf1 Nh6 23. b4 a5 24. a3 axb4 25. axb4 Nf7 26. Nxf4 Nxf4 27. Rxf4 exf4 28. Rxf4 Ne5 29. Bf1 Bxh3 0-1

[Event "CZE-chT2F 1516"]
[Site "Czech Republic"]
[Date "2016.01.24"]
[Round "6.43"]
[White "Rakus, Pavel"]
[Black "Kufa, Pavel"]
[Result "1-0"]
[WhiteElo "2188"]
[BlackElo "2180"]
[PlyCount "75"]
[EventDate "2015.10.18"]
[EventType "team-tourn"]
[EventRounds "11"]
[EventCountry "CZE"]
[SourceTitle "EXT 2022"]
[Source "ChessBase"]
[SourceDate "2021.10.06"]
[SourceVersion "1"]
[SourceVersionDate "2021.10.06"]
[SourceQuality "1"]
[WhiteTeam "Benesov Dolni"]
[BlackTeam "Poruba Slavoj II"]
[WhiteTeamCountry "CZE"]
[BlackTeamCountry "CZE"]

1. Nf3 d5 2. g3 Nc6 3. d4 Bf5 4. Bg2 e6 5. 0-0 Bd6 6. c4 Nf6 7. Nc3 Qd7 8. Nh4 Be4 9. f3 Bg6 10. e4 dxe4 11. fxe4 e5 12. d5 Nd4 13. Bg5 Bh5 14. Qd2 Ng4 15. Nf5 Bc5 16. Kh1 f6 17. Be3 Nxe3 18. Nxe3 a6 19. Rab1 0-0 20. b4 Ba7 21. Nc2 c5 22. Nxd4 cxd4 23. Ne2 b6 24. Rfc1 Rac8 25. Ng1 Rc7 26. Rc2 Bg4 27. Rbc1 f5 28. h3 fxe4 29. hxg4 Qxg4 30. Qe2 Qxg3 31. Qxe4 Rf4 32. Qe1 Rh4+ 33. Nh3 Rxh3+ 34. Bxh3 Qxh3+ 35. Rh2 Qf3+ 36. Rg2 e4 37. Qh4 Rf7 38. Re1 1-0

[Event "CZE-chT2F 1516"]
[Site "Czech Republic"]
[Date "2016.01.10"]
[Round "5.43"]
[White "Kufa, Pavel"]
[Black "Babula, Milan"]
[Result "1/2-1/2"]
[WhiteElo "2180"]
[BlackElo "2192"]
[PlyCount "99"]
[EventDate "2015.10.18"]
[EventType "team-tourn"]
[EventRounds "11"]
[EventCountry "CZE"]
[SourceTitle "EXT 2022"]
[Source "ChessBase"]
[SourceDate "2021.10.06"]
[SourceVersion "1"]
[SourceVersionDate "2021.10.06"]
[SourceQuality "1"]
[WhiteTeam "Poruba Slavoj II"]
[BlackTeam "Trinec II"]
[WhiteTeamCountry "CZE"]
[BlackTeamCountry "CZE"]

1. e4 e6 2. d4 d5 3. exd5 exd5 4. Nf3 Bd6 5. c4 Nf6 6. c5 Be7 7. Bd3 0-0 8. Bf4 Bg4 9. Nbd2 Nc6 10. Qa4 a6 11. 0-0 Bd7 12. Qb3 Na5 13. Qc3 Nh5 14. Be5 Nc6 15. Rfe1 Re8 16. Rad1 Bg4 17. Bb1 g6 18. h3 Nxe5 19. dxe5 Bxf3 20. Nxf3 c6 21. Nd4 Qd7 22. b4 Nf4 23. Qg3 Nh5 24. Qe3 Bf8 25. g4 Ng7 26. f4 a5 27. a3 axb4 28. axb4 Ne6 29. f5 Nxd4 30. Qxd4 Ra3 31. Rd3 Rxd3 32. Qxd3 Qc7 33. e6 Bg7 34. Rf1 gxf5 35. gxf5 f6 36. Kh1 Kh8 37. Rg1 Qf4 38. Qg3 Qxg3 39. Rxg3 Kg8 40. Ra3 Kf8 41. Ra7 Re7 42. Kg2 Bh6 43. Kf3 Bd2 44. b5 Bb4 45. bxc6 bxc6 46. Ra8+ Re8 47. Rxe8+ Kxe8 48. Bc2 Kd8 49. Ba4 Kc7 50. e7 1/2-1/2

[Event "CZE-chT2F 1516"]
[Site "Czech Republic"]
[Date "2015.10.18"]
[Round "1.63"]
[White "Kufa, Pavel"]
[Black "Stachon, Martin"]
[Result "0-1"]
[WhiteElo "2180"]
[BlackElo "2187"]
[PlyCount "64"]
[EventDate "2015.10.18"]
[EventType "team-tourn"]
[EventRounds "11"]
[EventCountry "CZE"]
[SourceTitle "EXT 2022"]
[Source "ChessBase"]
[SourceDate "2021.10.06"]
[SourceVersion "1"]
[SourceVersionDate "2021.10.06"]
[SourceQuality "1"]
[WhiteTeam "Poruba Slavoj II"]
[BlackTeam "Kromeriz Slavia II"]
[WhiteTeamCountry "CZE"]
[BlackTeamCountry "CZE"]

1. e4 c5 2. d4 cxd4 3. c3 g6 4. cxd4 d5 5. e5 Bg7 6. Nc3 Nc6 7. Bb5 Nh6 8. Qa4 Bd7 9. Nf3 0-0 10. h4 Ng4 11. h5 a6 12. Bxc6 bxc6 13. Ng5 f6 14. Nxh7 Kxh7 15. f3 Nh6 16. hxg6+ Kxg6 17. Bxh6 Bxh6 18. Qc2+ f5 19. Rxh6+ Kxh6 20. 0-0-0 e6 21. g4 Qg5+ 22. Kb1 Kg7 23. Rg1 f4 24. Qd2 Rh8 25. Na4 Raf8 26. Nb6 Rf7 27. a3 Rh3 28. Qc3 Qh4 29. Rf1 Rh1 30. Rxh1 Qxh1+ 31. Ka2 Qf1 32. a4 Be8 0-1

[Event "CZE-chT2F 1415"]
[Site "Czech Republic"]
[Date "2015.02.22"]
[Round "8.54"]
[White "Kufa, Pavel"]
[Black "Babula, Milan"]
[Result "0-1"]
[WhiteElo "2198"]
[BlackElo "2227"]
[PlyCount "82"]
[EventDate "2014.11.02"]
[EventType "team-tourn"]
[EventRounds "11"]
[EventCountry "CZE"]
[SourceTitle "EXT 2022"]
[Source "ChessBase"]
[SourceDate "2021.10.06"]
[SourceVersion "1"]
[SourceVersionDate "2021.10.06"]
[SourceQuality "1"]
[WhiteTeam "Poruba Slavoj II"]
[BlackTeam "Trinec II"]
[WhiteTeamCountry "CZE"]
[BlackTeamCountry "CZE"]

1. e4 c5 2. d4 cxd4 3. c3 d3 4. Bxd3 Nc6 5. f4 d6 6. Nf3 Nf6 7. 0-0 g6 8. h3 Bg7 9. Qe2 0-0 10. Be3 Qc7 11. Na3 Bd7 12. f5 Rad8 13. Qf2 b6 14. fxg6 hxg6 15. Qh4 Nh7 16. Nb5 Qb7 17. Nbd4 Nxd4 18. cxd4 e5 19. Ng5 Nxg5 20. Bxg5 Rc8 21. Be7 Rfe8 22. Bxd6 exd4 23. e5 Bc6 24. Qxd4 Bxg2 25. Bc4 Bxf1 26. Rxf1 Rxc4 27. Qxc4 Bxe5 28. Bxe5 Rxe5 29. Rf4 Qd7 30. h4 Rd5 31. b4 Rd1+ 32. Kg2 Qd5+ 33. Qxd5 Rxd5 34. a4 Rd3 35. Rc4 Ra3 36. b5 Kg7 37. Kf2 Kf6 38. Ke2 Ke5 39. Rc7 Rxa4 40. Rxf7 Rxh4 41. Rxa7 Rb4 0-1

[Event "CZE-chT1E 1011"]
[Site "Czech Republic"]
[Date "2010.11.28"]
[Round "4.8"]
[White "Kufa, Pavel"]
[Black "Sieber, Martin"]
[Result "1/2-1/2"]
[WhiteElo "2210"]
[BlackElo "2038"]
[PlyCount "81"]
[EventDate "2010.10.10"]
[EventType "team-tourn"]
[EventRounds "11"]
[EventCountry "CZE"]
[SourceTitle "EXT 2012"]
[Source "ChessBase"]
[SourceDate "2011.11.24"]
[SourceVersion "1"]
[SourceVersionDate "2011.11.24"]
[SourceQuality "1"]
[WhiteTeam "Poruba Slavoj"]
[BlackTeam "Orlova Slavia"]
[WhiteTeamCountry "CZE"]
[BlackTeamCountry "CZE"]

1. e4 c5 2. d4 cxd4 3. c3 dxc3 4. Nxc3 Nc6 5. Bc4 e6 6. Nf3 a6 7. 0-0 b5 8. Bb3 Nf6 9. e5 Ng4 10. Bf4 Qc7 11. h3 Ngxe5 12. Nxe5 Nxe5 13. Nd5 Qb8 14. Rc1 Bd6 15. Rxc8+ Qxc8 16. Nb6 Qc6 17. Nxa8 0-0 18. Qd4 Nc4 19. Bxd6 Nxd6 20. Nb6 Nf5 21. Qxd7 Qxb6 22. Rc1 Nd4 23. Bd1 Qd8 24. Rc7 g6 25. Ra7 Qxd7 26. Rxd7 Nc6 27. Bf3 Ne5 28. Ra7 Nxf3+ 29. gxf3 Rd8 30. Rxa6 Rd2 31. b3 Kg7 32. Kg2 h5 33. a4 bxa4 34. bxa4 Kf6 35. a5 Ra2 36. Ra8 Kf5 37. a6 e5 38. Ra7 f6 39. Ra8 h4 40. Ra7 Ra1 41. Ra8 1/2-1/2

[Event "CZE-chT1E 0910"]
[Site "Czech Republic"]
[Date "2009.10.10"]
[Round "4.7"]
[White "Kufa, Pavel"]
[Black "Walowy, Bohumir"]
[Result "1/2-1/2"]
[WhiteElo "2209"]
[BlackElo "2174"]
[PlyCount "43"]
[EventDate "2009.11.15"]
[EventType "team-tourn"]
[EventRounds "11"]
[EventCountry "CZE"]
[SourceTitle "EXT 2011"]
[Source "ChessBase"]
[SourceDate "2010.11.26"]
[SourceVersion "1"]
[SourceVersionDate "2010.11.26"]
[SourceQuality "1"]
[WhiteTeam "Poruba"]
[BlackTeam "Karvina"]
[WhiteTeamCountry "CZE"]
[BlackTeamCountry "CZE"]

1. e4 e5 2. d4 exd4 3. c3 d5 4. exd5 Qxd5 5. cxd4 Nc6 6. Nf3 Bg4 7. Be2 Bb4+ 8. Nc3 Bxf3 9. Bxf3 Qc4 10. Bxc6+ bxc6 11. Qe2+ Qxe2+ 12. Kxe2 0-0-0 13. Be3 Ne7 14. Rhd1 Rhe8 15. g3 Nf5 16. Kf3 Re6 17. d5 cxd5 18. Rxd5 Nxe3 19. Rxd8+ Kxd8 20. fxe3 Bxc3 21. bxc3 Rd6 22. Ke2 1/2-1/2

[Event "CZE-chT1E 0809"]
[Site "Czech Republic"]
[Date "2009.03.15"]
[Round "10.7"]
[White "Kufa, Pavel"]
[Black "Mlynek, Petr"]
[Result "1/2-1/2"]
[WhiteElo "2189"]
[BlackElo "2218"]
[PlyCount "45"]
[EventDate "2008.11.08"]
[EventType "team-tourn"]
[EventRounds "11"]
[EventCountry "CZE"]
[SourceTitle "EXT 2010"]
[Source "ChessBase"]
[SourceDate "2010.11.25"]
[SourceVersion "1"]
[SourceVersionDate "2010.11.25"]
[SourceQuality "1"]
[WhiteTeam "Poruba Slavoj"]
[BlackTeam "Brno Duras"]
[WhiteTeamCountry "CZE"]
[BlackTeamCountry "CZE"]

1. e4 c6 2. c4 d5 3. cxd5 cxd5 4. exd5 a6 5. Nf3 Nf6 6. d4 Nxd5 7. Nc3 Nc6 8. Bc4 e6 9. 0-0 Be7 10. Re1 0-0 11. h3 b5 12. Bb3 Bb7 13. Nxd5 exd5 14. Bf4 Bf6 15. Be5 Nxe5 16. Nxe5 Rc8 17. Qd3 Re8 18. Rad1 Qd6 19. f4 Re7 20. Re3 Rec7 21. Rde1 Rc1 22. Kh2 g6 23. g3 1/2-1/2